[Event "Tarragona Province-chB"]
[Site "L'Hospitalet Infant"]
[Date "2016.10.23"]
[Round "4"]
[White "Ros Feliu, Francisco"]
[Black "Rovira Chacon, M Merce"]
[Result "1-0"]
[WhiteElo "1592"]
[BlackElo "1542"]
[PlyCount "55"]
[EventDate "2016.10.02"]
[EventType "swiss"]
[EventRounds "9"]
[EventCountry "ESP"]
[SourceTitle "EXT 2018"]
[Source "ChessBase"]
[SourceDate "2017.10.13"]
[SourceVersion "1"]
[SourceVersionDate "2017.10.13"]
[SourceQuality "1"]

1. Nf3 d5 2. d4 e6 3. e3 Bd6 4. Bd3 Nf6 5. 0-0 0-0 6. b3 Nbd7 7. Bb2 c5 8. Nbd2 b6 9. Ne5 Bb7 10. f4 cxd4 11. exd4 Rc8 12. Rf3 Ne4 13. Rh3 Ndf6 14. Rc1 Bb4 15. Nxe4 dxe4 16. Bc4 Qe7 17. Qe2 Ba3 18. c3 Bxb2 19. Qxb2 Nd5 20. Bxd5 exd5 21. Qe2 Qa3 22. Rf1 Qe7 23. Qh5 h6 24. Ng4 Qe6 25. f5 Qd6 26. f6 Rc6 27. Nxh6+ gxh6 28. Qxh6 1-0